书目信息 |
| 题名: |
关于两门新科学的对话
|
|
| 作者: | 伽利略 著 ;武际可 译 | |
| 分册: | ||
| 出版信息: | 北京 北京大学出版社 2006.06 |
|
| 页数: | 18, 273页, [1] 页图版 | |
| 开本: | 21cm | |
| 丛书名: | ||
| 单 册: | ||
| 中图分类: | TB301 | |
| 科图分类: | ||
| 主题词: | 材料强度--cai liao qiang du--研究 , 动力学--dong li xue--研究 | |
| 电子资源: | ||
| ISBN: | 7-301-07859-5 | |
| 000 | 01052nam0 2200265 450 | |
| 001 | 012007578397 | |
| 005 | 20071010110721.59 | |
| 010 | @a7-301-07859-5@dCNY18.00 | |
| 100 | @a20070806d2006 km y0chiy0120 ea | |
| 101 | 1 | @achi@cita |
| 102 | @aCN@b110000 | |
| 105 | @aaf z 000yy | |
| 200 | 1 | @a关于两门新科学的对话@Aguan yu liang men xin ke xue de dui hua@d= Dialogue concerning two new sciences@f(意) 伽利略著@F(yi)jia li lue zhu@g武际可译@Gwu ji ke yi@zeng |
| 210 | @a北京@c北京大学出版社@d2006.06 | |
| 215 | @a18, 273页, [1] 页图版@c图@d21cm | |
| 305 | @a据1914年英译本译出。 | |
| 330 | @a本书为伽利略数十年之力写成。于1638年出版。该书以对话的形式 总结了伽利略在材料强度和动力学方面的成果,以及对力学原理的思考。 | |
| 500 | 10 | @aDialogue concerning two new sciences@mChinese |
| 606 | 0 | @a材料强度@Acai liao qiang du@x研究 |
| 606 | 0 | @a动力学@Adong li xue@x研究 |
| 690 | @aTB301@v4 | |
| 701 | 1 | @a伽利略@Ajia li lue@g(Galilei, Galileo),@f1564-1642@4著 |
| 702 | 0 | @a武际可@Awu ji ke@4译 |
| 801 | 0 | @aCN@c20071010 |
| 905 | @dTB301@eJ214 | |
| 关于两门新科学的对话= Dialogue concerning two new sciences/(意) 伽利略著/武际可译.-北京:北京大学出版社,2006.06 |
| 18, 273页, [1] 页图版:图;21cm |
| ISBN 7-301-07859-5:CNY18.00 |
| 本书为伽利略数十年之力写成。于1638年出版。该书以对话的形式 总结了伽利略在材料强度和动力学方面的成果,以及对力学原理的思考。 |
| ● |
| 相关链接 |
|
|
|
正题名:关于两门新科学的对话
索取号:TB301/J214
 
预约/预借
| 序号 | 登录号 | 条形码 | 馆藏地/架位号 | 状态 | 备注 |
| 1 | 253852 | 202538520 | 自科库501/501自科库 10排4列3层/ [索取号:TB301/J214] | 在馆 | |
| 2 | 253853 | 202538539 | 自科库501/501自科库 10排4列3层/ [索取号:TB301/J214] | 在馆 | |
| 3 | 253854 | 202538548 | 自科库501/501自科库 10排4列3层/ [索取号:TB301/J214] | 在馆 |